[Event "Ïåðâåíñòâî Ìîñêâû ïî øàõìàòàì 2015 ñðåäè ìàëü÷èêîâ (Ì17)"]
[Site "Moscow"]
[Date "2015.11.15"]
[Round "4.2"]
[White "×èëèíãàðÿí, Ïàâåë"]
[Black "Ãàëàêòèîíîâ, Àðòåì"]
[Result "0-1"]
[WhiteElo "2096"]
[BlackElo "2206"]
[PlyCount "0"]
[EventDate "2015.11.12"]

1. c4 {[%clk 1:30:58]} c6 {[%clk 1:30:58]} 2. Nf3 {[%clk 1:31:24]} d5
{[%clk 1:31:25]} 3. g3 {[%clk 1:31:48]} Bg4 {[%clk 1:31:53]} 4. Bg2
{[%clk 1:32:10]} Nd7 {[%clk 1:32:21]} 5. O-O {[%clk 1:32:30]} e6 {[%clk 1:32:50]}
6. Qb3 {[%clk 1:32:45]} Qb6 {[%clk 1:33:17]} 7. d4 {[%clk 1:33:07]} Ngf6
{[%clk 1:33:44]} 8. Nc3 {[%clk 1:33:31]} Be7 {[%clk 1:34:10]} 9. c5
{[%clk 1:33:52]} Qa6 {[%clk 1:34:21]} 10. h3 {[%clk 1:33:30]} Bh5
{[%clk 1:34:46]} 11. Re1 {[%clk 1:33:29]} b6 {[%clk 1:35:13]} 12. cxb6
{[%clk 1:33:28]} axb6 {[%clk 1:35:39]} 13. Bf4 {[%clk 1:32:49]} O-O
{[%clk 1:35:54]} 14. g4 {[%clk 1:21:33]} Bg6 {[%clk 1:35:19]} 15. e3
{[%clk 1:18:54]} c5 {[%clk 1:27:38]} 16. a4 {[%clk 1:14:51]} c4 {[%clk 1:24:25]}
17. Qb5 {[%clk 1:12:24]} Qxb5 {[%clk 1:24:41]} 18. axb5 {[%clk 1:09:34]} Bb4
{[%clk 1:24:29]} 19. Nd2 {[%clk 1:00:23]} Ne4 {[%clk 1:17:01]} 20. Ndxe4
{[%clk 0:56:53]} Bxe4 {[%clk 1:16:49]} 21. Bxe4 {[%clk 0:54:08]} dxe4
{[%clk 1:16:21]} 22. Rxa8 {[%clk 0:47:49]} Rxa8 {[%clk 1:16:16]} 23. Rc1
{[%clk 0:48:17]} Bxc3 {[%clk 1:03:47]} 24. Rxc3 {[%clk 0:48:28]} h6
{[%clk 1:03:46]} 25. Rxc4 {[%clk 0:48:33]} Ra5 {[%clk 1:04:12]} 26. Rc8+
{[%clk 0:41:43]} Kh7 {[%clk 1:03:26]} 27. Rc7 {[%clk 0:42:12]} Nf6
{[%clk 1:03:16]} 28. Rxf7 {[%clk 0:41:56]} Rxb5 {[%clk 1:03:41]} 29. Be5
{[%clk 0:42:14]} Kg6 {[%clk 1:03:57]} 30. Re7 {[%clk 0:42:27]} Rxb2
{[%clk 1:04:17]} 31. Rxe6 {[%clk 0:42:46]} Kf7 {[%clk 1:04:39]} 32. Rc6
{[%clk 0:42:09]} b5 {[%clk 1:04:13]} 33. Bxf6 {[%clk 0:40:43]} gxf6
{[%clk 1:04:38]} 34. Kg2 {[%clk 0:40:24]} b4 {[%clk 1:04:54]} 35. Rb6
{[%clk 0:40:41]} b3 {[%clk 1:04:37]} 36. Kg3 {[%clk 0:41:04]} Ke7
{[%clk 1:05:02]} 37. h4 {[%clk 0:40:17]} Kd7 {[%clk 1:03:20]} 38. Rxf6
{[%clk 0:24:59]} Kc7 {[%clk 1:03:26]} 39. Rf5 {[%clk 0:25:25]} Kb6
{[%clk 1:03:51]} 40. Rc5 {[%clk 0:20:34]} Rc2 {[%clk 1:04:07]} 41. Rf5
{[%clk 0:19:56]} b2 {[%clk 1:04:27]} 42. Rf8 {[%clk 0:19:37]} Kb7
{[%clk 1:04:52]} 43. Rf7+ {[%clk 0:18:53]} Rc7 {[%clk 1:05:12]} 0-1

[Event "Ïåðâåíñòâî Ìîñêâû ïî øàõìàòàì 2015 ñðåäè ìàëü÷èêîâ (Ì17)"]
[Site "Moscow"]
[Date "2015.11.15"]
[Round "4.3"]
[White "Êàðàñåíè, Èâàí"]
[Black "Ëåâåíøòåéí, Ìàðê"]
[Result "1-0"]
[WhiteElo "1916"]
[BlackElo "2110"]
[PlyCount "0"]
[EventDate "2015.11.12"]

1. e4 {[%clk 1:29:31]} d5 {[%clk 1:30:56]} 2. exd5 {[%clk 1:29:58]} Nf6
{[%clk 1:31:24]} 3. d4 {[%clk 1:30:16]} Nxd5 {[%clk 1:31:51]} 4. c4
{[%clk 1:30:01]} Nb4 {[%clk 1:32:18]} 5. Qa4+ {[%clk 1:26:10]} N8c6
{[%clk 1:32:43]} 6. a3 {[%clk 1:26:29]} Na6 {[%clk 1:33:03]} 7. Be3
{[%clk 1:16:18]} Bd7 {[%clk 1:17:05]} 8. Qd1 {[%clk 1:16:10]} e5 {[%clk 1:07:03]}
9. d5 {[%clk 1:12:49]} Ne7 {[%clk 1:05:07]} 10. Nf3 {[%clk 1:00:59]} Nf5
{[%clk 0:51:58]} 11. b4 {[%clk 0:44:36]} Nxe3 {[%clk 0:49:38]} 12. fxe3
{[%clk 0:45:02]} e4 {[%clk 0:46:16]} 13. Nd4 {[%clk 0:43:28]} Qh4+
{[%clk 0:29:41]} 14. g3 {[%clk 0:43:00]} Qh6 {[%clk 0:28:40]} 15. Qb3
{[%clk 0:37:32]} Bd6 {[%clk 0:23:02]} 16. Ne2 {[%clk 0:35:53]} O-O
{[%clk 0:17:49]} 17. Bg2 {[%clk 0:35:34]} Bg4 {[%clk 0:16:20]} 18. Ra2
{[%clk 0:33:30]} Bf3 {[%clk 0:11:27]} 19. O-O {[%clk 0:32:56]} Bxg2 20. Kxg2
{[%clk 0:33:23]} Be5 {[%clk 0:10:09]} 21. Nd2 {[%clk 0:27:06]} f5 22. c5
{[%clk 0:27:06]} g5 {[%clk 0:10:06]} 23. Rc2 {[%clk 0:27:06]} Kh8
{[%clk 0:10:06]} 24. b5 {[%clk 0:15:43]} Nb8 {[%clk 0:08:00]} 25. c6
{[%clk 0:15:53]} a6 {[%clk 0:07:21]} 26. cxb7 {[%clk 0:12:21]} Ra7
{[%clk 0:07:45]} 27. Nc4 {[%clk 0:12:37]} Qf6 {[%clk 0:07:34]} 28. Nxe5
{[%clk 0:11:18]} Qxe5 {[%clk 0:08:00]} 29. bxa6 {[%clk 0:11:07]} Rxa6
{[%clk 0:07:58]} 30. Qc3 {[%clk 0:10:52]} Qxc3 {[%clk 0:07:55]} 31. Rxc3
{[%clk 0:11:19]} c6 {[%clk 0:07:54]} 32. dxc6 {[%clk 0:11:36]} Rxc6
{[%clk 0:06:54]} 33. Rxc6 {[%clk 0:11:46]} Nxc6 {[%clk 0:07:21]} 34. Rc1
{[%clk 0:12:05]} Nb8 {[%clk 0:07:39]} 35. Nd4 {[%clk 0:08:06]} Kg8
{[%clk 0:06:35]} 36. Nc6 {[%clk 0:08:02]} Kf7 {[%clk 0:06:41]} 37. Nxb8
{[%clk 0:08:20]} Rxb8 {[%clk 0:07:04]} 38. Rb1 {[%clk 0:08:47]} Ke6
{[%clk 0:05:30]} 39. a4 {[%clk 0:09:13]} Kd6 {[%clk 0:05:38]} 40. a5
{[%clk 0:09:37]} Kc7 {[%clk 0:06:01]} 41. a6 {[%clk 0:10:00]} Rd8
{[%clk 0:06:28]} 42. a7 {[%clk 0:09:53]} 1-0

[Event "Ïåðâåíñòâî Ìîñêâû ïî øàõìàòàì 2015 ñðåäè ìàëü÷èêîâ (Ì17)"]
[Site "Moscow"]
[Date "2015.11.15"]
[Round "4.4"]
[White "Òâåðäîõëåá, Àëåêñàíäð"]
[Black "Ãðèãîðüåâ, Äìèòðèé"]
[Result "0-1"]
[WhiteElo "1885"]
[BlackElo "2076"]
[PlyCount "0"]
[EventDate "2015.11.12"]

1. d4 {[%clk 1:30:44]} Nf6 {[%clk 1:26:12]} 2. Bg5 {[%clk 1:30:43]} Ne4
{[%clk 1:24:08]} 3. Bf4 {[%clk 1:31:10]} d5 {[%clk 1:23:17]} 4. e3
{[%clk 1:29:44]} e6 {[%clk 1:21:00]} 5. Nd2 {[%clk 1:27:18]} Nxd2
{[%clk 1:17:47]} 6. Qxd2 {[%clk 1:27:47]} Bd6 {[%clk 1:17:32]} 7. Bxd6
{[%clk 1:26:29]} Qxd6 {[%clk 1:17:48]} 8. Nf3 {[%clk 1:23:06]} Nd7
{[%clk 1:16:44]} 9. Be2 {[%clk 1:20:36]} O-O {[%clk 1:11:16]} 10. O-O
{[%clk 1:17:55]} b6 {[%clk 1:08:34]} 11. c3 {[%clk 1:09:44]} Bb7 {[%clk 1:02:49]}
12. Bd3 {[%clk 0:56:40]} e5 {[%clk 1:00:01]} 13. dxe5 {[%clk 0:54:33]} Nxe5
{[%clk 0:59:15]} 14. Be2 {[%clk 0:53:06]} f6 {[%clk 0:44:59]} 15. Rfd1
{[%clk 0:48:56]} Rad8 {[%clk 0:42:37]} 16. Qd4 {[%clk 0:38:07]} c5
{[%clk 0:38:39]} 17. Qh4 {[%clk 0:37:08]} Qe6 {[%clk 0:24:06]} 18. Qg3
{[%clk 0:29:35]} Rd6 19. Rd2 {[%clk 0:18:42]} Rfd8 {[%clk 0:10:47]} 20. Rad1
{[%clk 0:16:08]} h6 {[%clk 0:07:37]} 21. a3 {[%clk 0:13:09]} Bc6 {[%clk 0:06:02]}
22. h3 {[%clk 0:12:09]} Ba4 {[%clk 0:05:58]} 23. Rc1 {[%clk 0:10:23]} Nc4
{[%clk 0:03:39]} 24. Bxc4 dxc4 25. Rxd6 {[%clk 0:09:04]} Rxd6 {[%clk 0:04:17]}
26. Kf1 {[%clk 0:05:51]} Bc6 {[%clk 0:04:00]} 27. Ke1 {[%clk 0:05:25]} Qd5
{[%clk 0:03:28]} 28. Qg6 {[%clk 0:02:00]} f5 {[%clk 0:03:10]} 29. Qg3
{[%clk 0:01:33]} Rd8 {[%clk 0:02:01]} 30. Qe5 {[%clk 0:01:22]} Qxe5
{[%clk 0:02:13]} 31. Nxe5 {[%clk 0:01:47]} Bxg2 {[%clk 0:02:27]} 32. h4
{[%clk 0:01:40]} b5 {[%clk 0:01:46]} 33. Rd1 {[%clk 0:00:55]} Rxd1+
{[%clk 0:01:54]} 34. Kxd1 {[%clk 0:01:25]} Kf8 {[%clk 0:01:39]} 35. Ke2
{[%clk 0:00:52]} Bd5 {[%clk 0:01:23]} 36. Nd7+ {[%clk 0:00:57]} Ke7
{[%clk 0:01:16]} 37. Nxc5 {[%clk 0:01:20]} a5 {[%clk 0:01:26]} 38. e4
{[%clk 0:00:39]} Kd6 {[%clk 0:01:14]} 39. exd5 Kxc5 {[%clk 0:01:40]} 40. Ke3
{[%clk 0:00:48]} Kxd5 {[%clk 0:02:07]} 41. Kf4 {[%clk 0:01:04]} Ke6
{[%clk 0:02:27]} 42. h5 {[%clk 0:00:59]} Kf6 {[%clk 0:01:13]} 43. f3
{[%clk 0:01:17]} a4 {[%clk 0:01:04]} 44. Ke3 {[%clk 0:01:27]} Kg5 0-1

[Event "Ïåðâåíñòâî Ìîñêâû ïî øàõìàòàì 2015 ñðåäè ìàëü÷èêîâ (Ì17)"]
[Site "Moscow"]
[Date "2015.11.15"]
[Round "4.5"]
[White "Âîéíèêîíèñ, Íèêèòà"]
[Black "Ãåðìàí, Íèêèòà"]
[Result "0-1"]
[WhiteElo "1874"]
[BlackElo "2061"]
[PlyCount "0"]
[EventDate "2015.11.12"]

1. e4 {[%clk 1:30:51]} c5 {[%clk 1:30:54]} 2. Nf3 {[%clk 1:31:15]} e6
{[%clk 1:31:20]} 3. d4 {[%clk 1:31:41]} cxd4 {[%clk 1:31:45]} 4. Nxd4
{[%clk 1:32:07]} a6 {[%clk 1:32:10]} 5. Nc3 {[%clk 1:32:33]} Qc7 {[%clk 1:32:34]}
6. Qf3 {[%clk 1:32:59]} Nf6 {[%clk 1:32:51]} 7. Qg3 {[%clk 1:33:23]} Qxg3
{[%clk 1:33:09]} 8. hxg3 {[%clk 1:33:48]} Bb4 {[%clk 1:22:02]} 9. Bd3
{[%clk 1:33:53]} d5 {[%clk 1:14:14]} 10. exd5 {[%clk 1:33:53]} Nxd5
{[%clk 1:13:46]} 11. Bd2 {[%clk 1:34:18]} Bxc3 {[%clk 1:12:53]} 12. bxc3
{[%clk 1:34:45]} Nd7 {[%clk 1:08:13]} 13. c4 {[%clk 1:25:25]} N5f6
{[%clk 1:08:25]} 14. Bc3 {[%clk 1:24:28]} b6 {[%clk 1:07:54]} 15. Rb1
{[%clk 1:23:41]} Bb7 {[%clk 0:43:36]} 16. f3 {[%clk 1:23:33]} O-O
{[%clk 0:39:01]} 17. g4 {[%clk 1:15:42]} h6 {[%clk 0:38:06]} 18. Ne2
{[%clk 1:14:58]} e5 {[%clk 0:36:32]} 19. Ng3 {[%clk 1:08:14]} Rfe8
{[%clk 0:35:55]} 20. Kf2 {[%clk 1:02:24]} Rac8 {[%clk 0:22:51]} 21. Nf5
{[%clk 0:49:46]} Re6 {[%clk 0:20:21]} 22. a4 {[%clk 0:44:31]} Nc5 23. a5
{[%clk 0:19:57]} bxa5 {[%clk 0:06:28]} 24. Bxa5 {[%clk 0:20:05]} e4
{[%clk 0:04:56]} 25. Be2 {[%clk 0:18:49]} Rce8 {[%clk 0:04:42]} 26. Rhe1
{[%clk 0:17:38]} Bc6 {[%clk 0:03:20]} 27. Rb6 {[%clk 0:13:10]} Nfd7
{[%clk 0:03:18]} 28. Nd4 {[%clk 0:13:03]} Nxb6 {[%clk 0:03:27]} 29. Nxe6
{[%clk 0:13:29]} Rxe6 {[%clk 0:03:22]} 30. Bxb6 {[%clk 0:13:54]} Nd7
{[%clk 0:03:33]} 31. Bd4 {[%clk 0:14:12]} a5 {[%clk 0:03:41]} 32. Ra1
{[%clk 0:11:28]} a4 {[%clk 0:03:57]} 33. c3 {[%clk 0:11:52]} Re8 {[%clk 0:04:19]}
34. fxe4 {[%clk 0:11:50]} Rxe4 {[%clk 0:04:21]} 35. Bf3 {[%clk 0:12:14]} Re6
{[%clk 0:02:53]} 36. Bxc6 {[%clk 0:12:39]} Rxc6 {[%clk 0:03:20]} 37. Rxa4
{[%clk 0:13:06]} f6 {[%clk 0:03:23]} 38. Ke3 {[%clk 0:09:45]} Kf7
{[%clk 0:03:38]} 39. Ke4 {[%clk 0:06:06]} Ke6 {[%clk 0:03:52]} 40. Ra8
{[%clk 0:05:37]} Rxc4 {[%clk 0:02:19]} 41. Ra6+ {[%clk 0:05:15]} Ke7
{[%clk 0:01:23]} 42. Kd5 {[%clk 0:05:33]} Rc8 {[%clk 0:01:41]} 43. Ra7
{[%clk 0:05:07]} Rd8 {[%clk 0:01:09]} 44. Bc5+ {[%clk 0:04:46]} Ke8
{[%clk 0:01:31]} 45. Bd6 {[%clk 0:04:57]} Nb6+ {[%clk 0:01:52]} 46. Kc5
{[%clk 0:04:59]} Rxd6 {[%clk 0:01:03]} 47. Ra6 {[%clk 0:04:47]} Rd3
{[%clk 0:01:26]} 48. Rxb6 {[%clk 0:05:06]} Rxc3+ {[%clk 0:01:51]} 49. Kd6
{[%clk 0:05:33]} Kf7 {[%clk 0:02:15]} 50. Kd5 {[%clk 0:05:33]} Rg3
{[%clk 0:02:38]} 51. Rb4 {[%clk 0:05:22]} Rxg2 {[%clk 0:03:03]} 52. Rf4
{[%clk 0:05:46]} Kg6 {[%clk 0:03:29]} 53. Ke4 {[%clk 0:05:20]} Kg5
{[%clk 0:03:55]} 54. Kf3 {[%clk 0:05:45]} Rf2+ 0-1

[Event "Ïåðâåíñòâî Ìîñêâû ïî øàõìàòàì 2015 ñðåäè ìàëü÷èêîâ (Ì17)"]
[Site "Moscow"]
[Date "2015.11.15"]
[Round "4.6"]
[White "Êóçüìèí, Èâàí"]
[Black "Àíòîíÿí, Ãðàíò"]
[Result "0-1"]
[WhiteElo "1774"]
[BlackElo "2005"]
[PlyCount "0"]
[EventDate "2015.11.12"]

1. d4 d5 2. c4 e6 3. Nf3 Nf6 4. g3 dxc4 5. Na3 Bxa3 6. Qa4+ Nc6 7. bxa3 Qd5 8.
Bb2 b5 9. Qc2 Bb7 10. Bg2 Rb8 11. O-O O-O 12. Rfe1 Ne7 13. e4 Qd8 14. Rad1 Ng6
15. h4 h6 16. d5 exd5 17. e5 Nh7 18. Nd4 c5 19. Nxb5 Ne7 20. Nd6 Bc6 21. Nxc4 d4
22. Bxc6 Nxc6 23. Qe4 Na5 24. Nxa5 Qxa5 25. Bc1 Rfe8 26. Qd5 Nf8 27. f4 Qc3 28.
Kh2 {[%clk 0:44:28]} Rbd8 {[%clk 0:00:43]} 29. Qb7 {[%clk 0:44:06]} Rd7
{[%clk 0:00:41]} 30. Qb5 {[%clk 0:44:15]} d3 {[%clk 0:00:34]} 31. Qb3
{[%clk 0:43:40]} Qxb3 {[%clk 0:00:37]} 32. axb3 {[%clk 0:44:02]} Red8
{[%clk 0:00:58]} 33. Be3 {[%clk 0:44:09]} Rd5 {[%clk 0:01:13]} 34. Kg2
{[%clk 0:44:06]} Rb8 {[%clk 0:00:44]} 35. Rb1 {[%clk 0:44:24]} d2
{[%clk 0:00:34]} 36. Red1 {[%clk 0:44:27]} c4 {[%clk 0:00:41]} 37. Rxd2
{[%clk 0:44:13]} Rxd2+ {[%clk 0:00:50]} 38. Bxd2 {[%clk 0:44:36]} Rxb3
{[%clk 0:00:42]} 39. Rxb3 {[%clk 0:38:45]} cxb3 {[%clk 0:01:11]} 40. Bc3
{[%clk 0:38:54]} Nd7 {[%clk 0:01:31]} 41. Kf3 {[%clk 0:39:12]} Nc5
{[%clk 0:01:27]} 42. Ke3 {[%clk 0:39:34]} Na4 {[%clk 0:01:44]} 43. Kd2
{[%clk 0:39:58]} b2 {[%clk 0:02:07]} 44. Bxb2 {[%clk 0:40:24]} Nxb2
{[%clk 0:02:35]} 45. Kc3 {[%clk 0:40:47]} Nd1+ {[%clk 0:01:14]} 46. Kb4
{[%clk 0:41:10]} Kf8 {[%clk 0:01:41]} 47. Ka5 {[%clk 0:41:13]} Ke7
{[%clk 0:02:06]} 48. Ka6 {[%clk 0:40:36]} Nc3 {[%clk 0:02:32]} 49. f5
{[%clk 0:40:58]} h5 {[%clk 0:01:58]} 50. Kxa7 {[%clk 0:40:59]} Nb5+
{[%clk 0:02:25]} 51. Kb6 {[%clk 0:41:19]} Nxa3 {[%clk 0:02:52]} 52. Kc5
{[%clk 0:41:39]} Nc2 {[%clk 0:02:19]} 53. Kd5 {[%clk 0:41:59]} Ne3+
{[%clk 0:02:46]} 54. Ke4 {[%clk 0:42:22]} Ng4 {[%clk 0:01:47]} 55. Kf4
{[%clk 0:42:43]} f6 {[%clk 0:02:06]} 56. e6 {[%clk 0:40:51]} Nh6 {[%clk 0:01:48]}
57. Ke4 {[%clk 0:41:12]} Kd6 {[%clk 0:02:12]} 58. Kf4 {[%clk 0:41:31]} Ng8
{[%clk 0:01:41]} 59. Ke4 {[%clk 0:40:38]} Ne7 {[%clk 0:02:04]} 60. Kf4
{[%clk 0:41:01]} Kd5 {[%clk 0:01:20]} 61. g4 {[%clk 0:41:23]} hxg4
{[%clk 0:01:48]} 62. Kxg4 {[%clk 0:41:47]} Ke5 {[%clk 0:01:39]} 63. Kh5
{[%clk 0:41:55]} Nxf5 {[%clk 0:02:04]} 0-1

[Event "Ïåðâåíñòâî Ìîñêâû ïî øàõìàòàì 2015 ñðåäè ìàëü÷èêîâ (Ì17)"]
[Site "Moscow"]
[Date "2015.11.15"]
[Round "4.7"]
[White "Øîøèí, Áîðèñ"]
[Black "Áóðõàíîâ, Âàñèëèé"]
[Result "1-0"]
[WhiteElo "1981"]
[BlackElo "1868"]
[PlyCount "0"]
[EventDate "2015.11.12"]

1. d4 d5 2. c4 c6 3. Nc3 e5 4. cxd5 cxd5 5. dxe5 d4 6. Nb1 Bc5 7. Nf3 Qb6 8. a3
a5 9. Nbd2 Nc6 10. Nc4 Qa7 11. Bf4 Nge7 12. Nd6+ Bxd6 13. exd6 Ng6 14. Qd2 Be6
15. Rd1 O-O-O 16. Nxd4 Qxd4 17. Qxd4 Nxd4 18. Rxd4 Nxf4 19. Rxf4 Rxd6 20. Rf3
Rhd8 21. Rc3+ Kb8 22. Rd3 Bc4 23. Rxd6 Rxd6 24. e3 Bxf1 25. Rxf1 Rb6 26. Kd2
Rxb2+ 27. Kc3 Re2 28. Kc4 Ra2 29. Kb3 Rd2 30. Kc3 Ra2 31. Kb3 Rd2 32. a4 Rd3+
33. Kc4 Ra3 34. Kb5 Rb3+ 35. Kc5 Ra3 36. Kb5 Rb3+ 37. Kc5 Ra3 38. Rd1 Rxa4 39.
Rd7 Rg4 40. Kb6 Rg6+ 41. Kxa5 Rxg2 42. Rxf7 Rxh2 43. f4 Re2 44. Kb6 Rb2+ 45.
Kc5 Rc2+ 46. Kd5 Rc7 47. Rf8+ Rc8 48. Rf7 Rc7 49. Rf8+ Rc8 50. Rf5 g6 51. Rg5
Kc7 52. e4 Kd7 53. f5 Rc6 54. e5 gxf5 55. Rg7+ Ke8 56. Rxb7 Ra6 57. e6 f4 58.
Ke5 f3 59. Kf6 Kd8 60. Kf7 Kc8 61. e7 Kxb7 62. e8=Q Rc6 63. Qe3 Rc7+ 64. Kf6
Rc6+ 65. Kg7 Rc7+ 66. Kh6 Rd7 67. Qxf3+ Kc7 68. Kg5 Kd6 69. Kf6 Kc7 70. Qf4+
Kc8 1-0

[Event "Ïåðâåíñòâî Ìîñêâû ïî øàõìàòàì 2015 ñðåäè ìàëü÷èêîâ (Ì17)"]
[Site "Moscow"]
[Date "2015.11.15"]
[Round "4.8"]
[White "Âåðøèíèí, Èâàí"]
[Black "Ñû÷åâ, Äàíèèë"]
[Result "1/2-1/2"]
[WhiteElo "1707"]
[BlackElo "1955"]
[PlyCount "0"]
[EventDate "2015.11.12"]

1. d4 {[%clk 1:30:58]} d5 {[%clk 1:30:55]} 2. c4 {[%clk 1:31:22]} e6
{[%clk 1:31:52]} 3. Nc3 {[%clk 1:32:18]} Be7 {[%clk 1:32:13]} 4. Nf3
{[%clk 1:32:35]} Nf6 {[%clk 1:32:27]} 5. Bg5 {[%clk 1:32:57]} O-O
{[%clk 1:32:46]} 6. e3 {[%clk 1:33:19]} h6 {[%clk 1:33:02]} 7. Bh4
{[%clk 1:33:43]} b6 {[%clk 1:33:01]} 8. Bd3 {[%clk 1:33:48]} Bb7 {[%clk 1:33:12]}
9. O-O {[%clk 1:34:03]} Nbd7 {[%clk 1:33:35]} 10. Qe2 {[%clk 1:34:09]} c5
{[%clk 1:33:27]} 11. Rfd1 {[%clk 1:33:36]} Rc8 {[%clk 1:29:46]} 12. Rac1
{[%clk 1:32:53]} Ne4 {[%clk 1:24:04]} 13. Bg3 {[%clk 1:26:44]} Nxg3
{[%clk 1:21:17]} 14. hxg3 {[%clk 1:26:56]} dxc4 {[%clk 1:07:45]} 15. Bxc4
{[%clk 1:27:06]} Bf6 {[%clk 0:49:55]} 16. Bb5 {[%clk 0:59:02]} Bxf3
{[%clk 0:41:41]} 17. Qxf3 {[%clk 0:43:39]} cxd4 {[%clk 0:40:36]} 18. exd4
{[%clk 0:44:01]} Qe7 {[%clk 0:26:03]} 19. Ba6 {[%clk 0:33:25]} Rcd8
{[%clk 0:25:09]} 20. Ne4 {[%clk 0:24:45]} Qb4 {[%clk 0:20:49]} 21. Qc3
{[%clk 0:16:16]} Qxc3 {[%clk 0:18:16]} 22. Nxf6+ Nxf6 {[%clk 0:18:06]} 23. bxc3
{[%clk 0:16:22]} Rd7 {[%clk 0:16:38]} 24. f3 {[%clk 0:13:48]} Rfd8
{[%clk 0:15:49]} 25. Bb5 {[%clk 0:11:05]} Rc7 {[%clk 0:12:27]} 26. Kf2
{[%clk 0:09:37]} Rdc8 {[%clk 0:09:44]} 27. Ba6 {[%clk 0:09:37]} Rd8
{[%clk 0:10:02]} 28. Bb5 {[%clk 0:09:00]} Nd5 {[%clk 0:09:38]} 29. c4
{[%clk 0:06:36]} Ne7 {[%clk 0:09:37]} 30. g4 {[%clk 0:04:20]} Nc6
{[%clk 0:05:56]} 31. Ke3 {[%clk 0:03:14]} Na5 {[%clk 0:04:53]} 32. Rd3
{[%clk 0:03:02]} Nc6 {[%clk 0:03:31]} 33. Rdd1 {[%clk 0:02:53]} Ne7
{[%clk 0:02:53]} 34. Kf2 {[%clk 0:01:44]} Kh7 {[%clk 0:02:34]} 35. Ke2
{[%clk 0:01:53]} Kg8 {[%clk 0:02:30]} 36. Kf2 {[%clk 0:02:16]} Kh7
{[%clk 0:02:54]} 37. Ke2 {[%clk 0:02:39]} Kg8 {[%clk 0:03:17]} 38. Kf2
{[%clk 0:03:01]} Kh7 {[%clk 0:03:35]} 39. Ke2 1/2-1/2

[Event "Ïåðâåíñòâî Ìîñêâû ïî øàõìàòàì 2015 ñðåäè ìàëü÷èêîâ (Ì17)"]
[Site "Moscow"]
[Date "2015.11.15"]
[Round "4.9"]
[White "Ñàâåëüåâ, Àðòåì"]
[Black "Ìõèòàðÿí, Àðñåí"]
[Result "1/2-1/2"]
[WhiteElo "1899"]
[BlackElo "1776"]
[PlyCount "0"]
[EventDate "2015.11.12"]

1. Nf3 {[%clk 1:28:42]} Nf6 {[%clk 1:29:42]} 2. b3 {[%clk 1:28:28]} d5
{[%clk 1:29:20]} 3. Bb2 {[%clk 1:28:50]} Bf5 {[%clk 1:27:09]} 4. g3
{[%clk 1:24:13]} c5 {[%clk 1:26:02]} 5. Bg2 {[%clk 1:24:12]} e6 {[%clk 1:21:11]}
6. O-O {[%clk 1:23:06]} Nbd7 {[%clk 1:20:40]} 7. d3 {[%clk 1:22:20]} Qc7
{[%clk 1:20:27]} 8. Re1 {[%clk 1:19:53]} Rd8 {[%clk 1:08:02]} 9. Nbd2
{[%clk 1:14:58]} Bd6 {[%clk 0:55:37]} 10. e4 {[%clk 1:08:10]} dxe4
{[%clk 0:56:02]} 11. dxe4 {[%clk 1:07:58]} Bg4 {[%clk 0:56:17]} 12. h3
{[%clk 1:04:10]} Bxf3 {[%clk 0:49:15]} 13. Qxf3 {[%clk 1:03:46]} Ne5
{[%clk 0:46:13]} 14. Qe2 {[%clk 1:01:06]} Be7 {[%clk 0:42:22]} 15. f4
{[%clk 0:33:53]} Nc6 {[%clk 0:42:47]} 16. Nf3 {[%clk 0:29:37]} O-O
{[%clk 0:42:25]} 17. c3 {[%clk 0:27:19]} Qb6 {[%clk 0:24:32]} 18. Kh2
{[%clk 0:25:43]} Rd7 {[%clk 0:22:35]} 19. Ng5 {[%clk 0:20:24]} Rfd8 20. Nf3
{[%clk 0:17:00]} Qc7 {[%clk 0:14:12]} 21. e5 {[%clk 0:15:11]} Nh5
{[%clk 0:13:52]} 22. Qe4 {[%clk 0:14:27]} g6 {[%clk 0:13:56]} 23. g4
{[%clk 0:13:02]} Ng7 {[%clk 0:14:17]} 24. h4 {[%clk 0:11:59]} h5 {[%clk 0:11:25]}
25. gxh5 {[%clk 0:09:37]} Nxh5 {[%clk 0:11:51]} 26. Rg1 {[%clk 0:08:42]} Kh7
{[%clk 0:12:14]} 27. Bh3 {[%clk 0:08:48]} Ng7 {[%clk 0:08:24]} 28. Rg2
{[%clk 0:08:49]} Nf5 {[%clk 0:06:45]} 29. h5 {[%clk 0:09:03]} Rg8
{[%clk 0:06:00]} 30. Rag1 {[%clk 0:08:47]} Rdd8 {[%clk 0:04:04]} 31. hxg6+
{[%clk 0:08:39]} fxg6 {[%clk 0:04:27]} 32. Ba3 {[%clk 0:08:06]} Qd7
{[%clk 0:03:27]} 33. Kh1 {[%clk 0:02:24]} Qd3 {[%clk 0:03:03]} 1/2-1/2

[Event "Ïåðâåíñòâî Ìîñêâû ïî øàõìàòàì 2015 ñðåäè ìàëü÷èêîâ (Ì17)"]
[Site "Moscow"]
[Date "2015.11.15"]
[Round "4.10"]
[White "Ïàâëåíêî, Àëåêñåé"]
[Black "Èñàåâ, Íèêîëàé"]
[Result "0-1"]
[WhiteElo "1918"]
[BlackElo "1616"]
[PlyCount "0"]
[EventDate "2015.11.12"]

1. d4 {[%clk 1:30:59]} d5 {[%clk 1:30:55]} 2. c4 {[%clk 1:31:24]} e6
{[%clk 1:31:21]} 3. Nc3 {[%clk 1:31:51]} Nf6 {[%clk 1:31:45]} 4. Bg5
{[%clk 1:32:16]} Nbd7 {[%clk 1:32:10]} 5. e3 {[%clk 1:32:29]} c6 {[%clk 1:32:35]}
6. Nf3 {[%clk 1:20:17]} Qa5 {[%clk 1:32:51]} 7. Nd2 {[%clk 1:20:22]} dxc4
{[%clk 1:32:59]} 8. Bxf6 {[%clk 1:20:42]} Nxf6 {[%clk 1:33:25]} 9. Nxc4
{[%clk 1:20:37]} Qc7 {[%clk 1:29:53]} 10. Bd3 {[%clk 1:19:44]} Be7
{[%clk 1:28:34]} 11. O-O {[%clk 1:19:31]} O-O {[%clk 1:25:59]} 12. Rc1
{[%clk 1:19:24]} Nd5 {[%clk 1:10:53]} 13. a3 {[%clk 1:06:47]} Bf6
{[%clk 0:57:38]} 14. Ne4 {[%clk 1:02:33]} Be7 {[%clk 0:52:45]} 15. b4
{[%clk 0:59:54]} Nb6 {[%clk 0:46:04]} 16. Ne5 {[%clk 0:58:18]} f6
{[%clk 0:42:57]} 17. Qh5 {[%clk 0:26:38]} fxe5 {[%clk 0:32:36]} 18. Ng5
{[%clk 0:26:48]} h6 {[%clk 0:19:56]} 19. Qg6 {[%clk 0:26:56]} Bxg5
{[%clk 0:19:20]} 20. Qh7+ {[%clk 0:27:13]} Kf7 {[%clk 0:19:49]} 21. Bg6+
{[%clk 0:27:35]} Kf6 {[%clk 0:19:01]} 22. Bh5 exd4 {[%clk 0:12:13]} 23. Qg6+
{[%clk 0:27:35]} Ke5 {[%clk 0:10:47]} 24. Rc5+ {[%clk 0:20:39]} Kd6
{[%clk 0:10:53]} 25. Rd1 {[%clk 0:20:17]} Qf7 {[%clk 0:09:08]} 26. Qxf7 Rxf7
{[%clk 0:09:31]} 27. Bxf7 {[%clk 0:18:02]} Ke7 {[%clk 0:09:24]} 28. Bh5
{[%clk 0:11:41]} dxe3 {[%clk 0:09:11]} 29. Re1 {[%clk 0:11:56]} Nd5
{[%clk 0:08:57]} 30. Rc4 {[%clk 0:10:42]} e5 {[%clk 0:08:50]} 31. Bf3
{[%clk 0:09:56]} Be6 {[%clk 0:08:59]} 32. Rc2 {[%clk 0:06:55]} Rf8
{[%clk 0:09:08]} 33. Bxd5 Bxd5 {[%clk 0:07:56]} 34. fxe3 {[%clk 0:07:30]} Rd8
{[%clk 0:07:38]} 35. Rc5 {[%clk 0:06:56]} b6 {[%clk 0:07:10]} 36. Rc2
{[%clk 0:06:25]} Rd6 {[%clk 0:06:50]} 37. Kf2 {[%clk 0:06:34]} Be4
{[%clk 0:06:40]} 38. Rc4 {[%clk 0:06:09]} Rd2+ {[%clk 0:06:01]} 39. Re2
{[%clk 0:06:15]} Rxe2+ {[%clk 0:05:34]} 40. Kxe2 {[%clk 0:06:41]} Bxg2
{[%clk 0:05:22]} 41. Rc1 {[%clk 0:05:32]} Bd5 {[%clk 0:05:10]} 42. Kd3
{[%clk 0:05:50]} e4+ {[%clk 0:05:21]} 43. Ke2 {[%clk 0:05:17]} Bf6
{[%clk 0:05:42]} 44. a4 {[%clk 0:05:13]} a6 {[%clk 0:05:17]} 45. Kf2
{[%clk 0:05:22]} b5 {[%clk 0:05:19]} 46. axb5 {[%clk 0:05:28]} axb5
{[%clk 0:05:41]} 47. Kg3 {[%clk 0:05:40]} Kd6 {[%clk 0:05:24]} 48. Rc2
{[%clk 0:05:17]} Bc4 {[%clk 0:05:20]} 49. Rd2+ {[%clk 0:05:24]} Bd3
{[%clk 0:05:34]} 50. Ra2 {[%clk 0:04:54]} Kd5 {[%clk 0:05:33]} 51. Ra6
{[%clk 0:04:40]} Bc3 {[%clk 0:05:31]} 52. Ra7 {[%clk 0:04:56]} Kc4
{[%clk 0:05:49]} 53. Rc7 {[%clk 0:05:21]} Be5+ 0-1